000
00304nam a2200121Ia 4500
008
190216s9999||||xx |||||||||||||| ||und||
100
_a
George S B
245
2
_a
A Short History Of English Literature
260
_b
Magmillan &co Ltd
_c
1964
300
_a
818p
650
_a
English Literature
942
_c
BK
999
_c
11590
_d
11590